Arnaldo Roche (Record no. 8656)

MARC details
000 - LÍDER
campo de control de longitud fija 00682nam a2200169Ia 4500
008 - ELEMENTOS DE DATOS DE LONGITUD FIJA - INFORMACIÓN GENERAL
campo de control de longitud fija 0000002003 fr d 0000000000spa00
090 ## - NÚMERO DE LLAMADA DE TIPO LC LOCALMENTE ASIGNADO (OCLC)
Número de clasificación (OCLC) (R) PPR02 R61a1
100 1# - ENTRADA PRINCIPAL - NOMBRE PERSONAL
Nombre de la persona RocheRabell, Arnaldo
Fechas asociadas a un nombre 1955
245 10 - TÍTULO DECLARACIÓN
Título Arnaldo Roche
Resto del título : pinturas sobreviviendo la demencia = painting surviving insanity [Disco compacto]
260 ## - PUBLICACIÓN, DISTRIBUCIÓN
Lugar de publicación < s.l. : s.n. >
Fecha de publicación 2003
300 ## - DESCRIPCIÓN FÍSICA
Alcance 1 CD ROM bajo Windows ; 12 cm.
600 00 - ENTRADA DE SUJETO AÑADIDO - NOMBRE PERSONAL
Nombre de la persona ROCHERABELL, ARNALDO, 1955 /
Subdivisión general TRABAJOS PICTORICOS
650 14 - ENTRADA DE SUJETO AÑADIDO - TÉRMINO TÓPICO
Término tópico o elemento de entrada del nombre geográfico ARTE CONTEMPORANEO PUERTORRIQUEÑO CDROM
650 14 - ENTRADA DE SUJETO AÑADIDO - TÉRMINO TÓPICO
Término tópico o elemento de entrada del nombre geográfico PINTORES PUERTORRIQUEÑOS CDROM
650 14 - ENTRADA DE SUJETO AÑADIDO - TÉRMINO TÓPICO
Término tópico o elemento de entrada del nombre geográfico PINTURA PUERTORRIQUEÑA CDROM
711 ## - ENTRADA AGREGADA - NOMBRE DE LA REUNIÓN
Nombre de la reunión o nombre de la jurisdicción como elemento de entrada Arnaldo Roche : Painting Surviving insanity
Holdings
Estado de retirada Pérdida de estatus Estado dañado No para préstamo Código de recogida Ubicación permanente Ubicación actual Ubicación de las estanterías Fecha de adquisición Número de llamada completo Código de barras Fecha de la última vez que se vio Número de copia Precio efectivo desde Tipo de artículo Koha
        General ArtNexus ArtNexus General 06/09/2022 P-PR-02 R61A1 8661 06/09/2022 Ej.1 06/09/2022 CD-ROM

Powered by Koha